Effectif du Lausanne Hockey Club - Statistiques

Statistiques générales
  • Ce quiz a été pris 81 fois
  • Le résultat moyen est 19 sur 34
Statistiques - réponses
Hint Réponse % Correct
#33 Kevin Pasche
94%
#90 Théo Rochette
88%
#9 Damien Riat
84%
#7 Aurélien Marti
78%
#94 Tim Bozon
76%
#11 Antti Suomela
75%
#79 Joël Genazzi
75%
#96 Andrea Glauser
73%
#30 Antoine Keller
73%
#4 Makai Holdener
73%
#29 Ahti Oksanen
69%
#71 Benjamin Bougro
69%
#23 Jordann Bougro
69%
#17 Ken Jäger
69%
#91 Fabian Heldner
65%
#38 Lukas Frick
63%
#14 Jason Fuchs
61%
#12 Michael Raffl
57%
#67 Nathan Vouardoux
57%
#5 Gavin Bayreuther
53%
#66 Cédric Fiedler
51%
#24 Dominik Kahun
51%
#19 Michael Hügli
49%
#18 Raphael Prassl
47%
#92 Thibault Fatton
47%
#77 David Sklenička
45%
#48 Lauri Pajuniemi
45%
#20 Lawrence Pilut
41%
#13 Basile Sansonnens
29%
#22 Janne Koukkanen
29%
#86 Brendan Perlini
24%
#68 Matthias Mémeteau
22%
#27 Stefan Rüegsegger
22%
#81 Gian-Marco Hammerer
18%
Aucun quiz correspondant
Distribution des résultats
% des personnes avec chaque résultat
Percentile par nombre de réponses
Votre historique - résultats
Vous n’avez pas pris ce quiz